The World Bank legal review : (Record no. 44919)
[ view plain ]
| 000 -LEADER | |
|---|---|
| fixed length control field | 01348cam a2200349 a 4500 |
| 001 - CONTROL NUMBER | |
| control field | 44919 |
| 003 - CONTROL NUMBER IDENTIFIER | |
| rucl marc code | BD-RJUL |
| 005 - DATE AND TIME OF LATEST TRANSACTION | |
| control field | 20211209053933.0 |
| 008 - FIXED-LENGTH DATA ELEMENTS--GENERAL INFORMATION | |
| fixed length control field | 160721s2006 dcud b 001 0 eng |
| 020 ## - INTERNATIONAL STANDARD BOOK NUMBER | |
| International Standard Book Number | 9004155619 (hard cover) |
| International Standard Book Number | 9789004155619 (hard cover) |
| International Standard Book Number | 0821368311 (paperback) |
| International Standard Book Number | 9780821368312 (paperback) |
| 035 ## - SYSTEM CONTROL NUMBER | |
| System control number | BD-RJUL 45037 |
| System control number | (CStRLIN)PAUGV4107444-B |
| 040 ## - CATALOGING SOURCE | |
| Original cataloging agency | UVL |
| Transcribing agency | UVL |
| Language of cataloging | eng |
| Modifying agency | BD-RJUL |
| 041 ## - LANGUAGE CODE | |
| Language code of text/sound track or separate title | eng |
| 082 ## - DEWEY DECIMAL CLASSIFICATION NUMBER | |
| Edition number | 23 |
| Classification number | 343.074 |
| Author mark and year | WOR 2006 |
| 245 04 - TITLE STATEMENT | |
| Title | The World Bank legal review : |
| Remainder of title | law and justice for development / |
| Statement of responsibility, etc. | [edited by] The World Bank. |
| 260 ## - PUBLICATION, DISTRIBUTION, ETC. (IMPRINT) | |
| Place of publication, distribution, etc. | [Washington, D.C.] : |
| Name of publisher, distributor, etc. | The World Bank ; |
| Place of publication, distribution, etc. | [The Hague, The Netherlands] : |
| Name of publisher, distributor, etc. | Martinus Nijhoff, |
| Date of publication, distribution, etc. | [c2003-2006] |
| 300 ## - PHYSICAL DESCRIPTION | |
| Pagination | V. : |
| Illustrations | ill. ; |
| Size | 24 cm. |
| 504 ## - BIBLIOGRAPHY, ETC. NOTE | |
| Bibliography, etc | Includes bibliographical references and index. |
| 505 0# - FORMATTED CONTENTS NOTE | |
| Formatted contents note | Vol. 1 published in cooperation with Kluwer Law International; v. 2 published in cooperation with Martinus Nijhoff Publishers. |
| 650 #0 - SUBJECT ADDED ENTRY--TOPICAL TERM | |
| Topical term or geographic name as entry element | Law and economic development. |
| 9 (RLIN) | 137656 |
| Topical term or geographic name as entry element | International organization. |
| 9 (RLIN) | 137657 |
| Topical term or geographic name as entry element | International finance |
| General subdivision | Law and legislation. |
| 9 (RLIN) | 137658 |
| Topical term or geographic name as entry element | Social justice. |
| 9 (RLIN) | 137659 |
| 710 2# - ADDED ENTRY--CORPORATE NAME | |
| Corporate name or jurisdiction name as entry element | World Bank. |
| 9 (RLIN) | 137660 |
| 830 #4 - SERIES ADDED ENTRY--UNIFORM TITLE | |
| Uniform title | The World Bank legal review ; |
| 942 ## - ADDED ENTRY ELEMENTS (KOHA) | |
| Source of classification or shelving scheme | Dewey Decimal Classification |
| Koha item type | Books |
| Lost status | Source of classification or shelving scheme | Damaged status | Not for loan | Collection code | Permanent Location | Current Location | Shelving location | Date acquired | Source of acquisition | Cost, normal purchase price | Total Checkouts | Full call number | Date last seen | Copy number | Koha item type |
|---|---|---|---|---|---|---|---|---|---|---|---|---|---|---|---|
| Dewey Decimal Classification | Not For Loan | Non-fiction | Central Library, University of Rajshahi | Central Library, University of Rajshahi | Reading Room | 03/02/2008 | Dhaka, MIDAS | 35.00 | 343.074 WOR V-2 2006 | 21/07/2016 | C-1 | Books | |||
| Dewey Decimal Classification | Non-fiction | Central Library, University of Rajshahi | Central Library, University of Rajshahi | 03/02/2008 | Dhaka, MIDAS | 35.00 | 343.074 WOR V-1 2003 | 31/08/2016 | C-2 | Books |